000 00424 a2200133 4500
001 91001
082 _aPR 1381
090 _c43146
_d43146
100 _aSirkhail Saghee; Prof Tauseef ur Rehman and Salman Aslam (Advisors)
245 _aImage Based Navigation Using 3-D Features Computed from a Downward Looking UAV Camera
_n75th 'B' EC
260 _aRawalpindi
_bNUST
_c2013
300 _a75p
500 _aBE Project Reports
942 _aCAE NUST
_kPR 1381
999 _c326074
_d326074